000 00585nam a22001697a 4500
008 110906t xxu||||| |||| 00| 0 eng d
020 _a139781111069957 101111069956
050 _aBF121.P26
100 _aPastorino, Ellen.
245 _aWhat is psychology?/
_cEllen Pastorino, Susann Doyle-Portillo.
260 _aAustralia ; Bemont, CA
_bWadsworth Cengage
_cc2010.
300 _a1 v. (various pagings) :
_bill. (chiefly col.) ;
_c29 cm.
500 _aIncludes bibliographical references and indexes.
650 _aPsychology
700 _aDoyle-Portillo, Susann.
942 _2lcc
_cBK
999 _c72
_d7572